Comparable effect of Prilled and Granular Ureaon Boro rice cultivation/ (Record no. 14346)

MARC details
000 -LEADER
fixed length control field 01019nam a22002897a 4500
001 - CONTROL NUMBER
control field BD-DhSAU 9032
003 - CONTROL NUMBER IDENTIFIER
control field BD-DhSAU
005 - DATE AND TIME OF LATEST TRANSACTION
control field 20190108095628.0
008 - FIXED-LENGTH DATA ELEMENTS--GENERAL INFORMATION
fixed length control field 150612b2016 bg a||||r|||| 000 0 eng d
040 ## - CATALOGING SOURCE
Original cataloging agency BD-DhSAU
082 ## - DEWEY DECIMAL CLASSIFICATION NUMBER
Edition number 22
Classification number 631.4
Item number Y48
100 ## - MAIN ENTRY--PERSONAL NAME
Personal name Yesmin , Shamima
Relator code Registration No: 15-06923
245 ## - TITLE STATEMENT
Title Comparable effect of Prilled and Granular Ureaon Boro rice cultivation/
Statement of responsibility, etc. Yesmin , Shamima
Remainder of title Ms Thesis
260 ## - PUBLICATION, DISTRIBUTION, ETC. (IMPRINT)
Place of publication, distribution, etc. Sher-e- Bangla Agricultural University :
Name of publisher, distributor, etc. Department of Soil science,
Date of publication, distribution, etc. 2016.
300 ## - PHYSICAL DESCRIPTION
Extent viii , 61 p. :
Other physical details ill. ,
Dimensions 30 cm.
504 ## - BIBLIOGRAPHY, ETC. NOTE
Bibliography, etc Includes bibliographical references.
590 ## - Name of Cataloguer
Name of Cataloger Shofi
650 ## - SUBJECT ADDED ENTRY--TOPICAL TERM
Topical term or geographic name as entry element Soil science
650 ## - SUBJECT ADDED ENTRY--TOPICAL TERM
Topical term or geographic name as entry element Comparable effect
650 ## - SUBJECT ADDED ENTRY--TOPICAL TERM
Topical term or geographic name as entry element Prilled
650 ## - SUBJECT ADDED ENTRY--TOPICAL TERM
Topical term or geographic name as entry element Granular Urea
650 ## - SUBJECT ADDED ENTRY--TOPICAL TERM
Topical term or geographic name as entry element Boro rice cultivation
700 ## - ADDED ENTRY--PERSONAL NAME
Personal name Paul , Alok Kumar
Relator term Supervisor
700 ## - ADDED ENTRY--PERSONAL NAME
Personal name Jahan , Mst. Afrose
Relator term Co-Supervisor
856 ## - ELECTRONIC LOCATION AND ACCESS
Uniform Resource Identifier <a href="http://archive.saulibrary.edu.bd:8080/xmlui/handle/123456789/1331">http://archive.saulibrary.edu.bd:8080/xmlui/handle/123456789/1331</a>
Link text Online Access
942 ## - ADDED ENTRY ELEMENTS (KOHA)
Source of classification or shelving scheme Dewey Decimal Classification
Koha item type MS Level Thesis
Holdings
Withdrawn status Lost status Source of classification or shelving scheme Damaged status Not for loan Collection code Home library Branch Name Date acquired Total Checkouts Full call number Barcode Date last seen Price effective from Koha item type
    Dewey Decimal Classification   Not For Loan Reference SAU Library SAU Library 12/08/2018   631.4 Y48 40861 23/09/2018 23/09/2018 MS Level Thesis